Sports Quiz

Random Sports or Spanish Quiz

Arsenal vs Spanish opposition in the Champions League Quiz Stats

 Plays Quiz not verified by Sporcle

Score 0/7 Timer 01:00
0 Plays Today
Season and best victory Answer % Correct
2010/2011 (2-1)FC Barcelona
99.2%
2005/2006 (1-0)Real Madrid
97.5%
2000/2001 (2-1)Valencia
89.3%
2008/2009 (3-0)Villarreal
82%
2007/2008 (3-0)Sevilla
71.3%
2003/2004 (2-0)Celta Vigo
37.7%
2001/2002 (3-1)Real Mallorca
15.6%

You're not logged in!

Compare scores with friends on all Sporcle quizzes.
OR
Log In

Show Comments

Extras

Top Quizzes Today


Score Distribution

Your Account Isn't Verified!

In order to create a playlist on Sporcle, you need to verify the email address you used during registration. Go to your Sporcle Settings to finish the process.

Report this User

Report this user for behavior that violates our Community Guidelines.

Details: